CREATIVIDAD Y MARKETING : (Registro nro. 29801)
[ vista simple ]
| 000 -LEADER | |
|---|---|
| fixed length control field | 00621nam a2200205 a 4500 |
| 001 - CONTROL NUMBER | |
| control field | 29801 |
| 005 - DATE AND TIME OF LATEST TRANSACTION | |
| control field | 20180713232918.0 |
| 008 - FIXED-LENGTH DATA ELEMENTS--GENERAL INFORMATION | |
| fixed length control field | 140415s1992 mx 000 0 spa d |
| 020 ## - INTERNATIONAL STANDARD BOOK NUMBER | |
| International Standard Book Number | 9686000990 |
| 041 ## - LANGUAGE CODE | |
| Language code of text/sound track or separate title | spa |
| 082 ## - DEWEY DECIMAL CLASSIFICATION NUMBER | |
| Classification number | 658.8 |
| Item number | DUA |
| 100 1# - MAIN ENTRY--PERSONAL NAME | |
| Personal name | DUAILIBI HARRYSIMONSEN, ROBERTO |
| 245 10 - TITLE STATEMENT | |
| Title | CREATIVIDAD Y MARKETING : |
| Remainder of title | EL LIBRO QUE CONTIENE LA REGLA HEUROLINGUISTICA |
| 250 ## - EDITION STATEMENT | |
| Edition statement | 1ª EDICIÒN |
| 260 ## - PUBLICATION, DISTRIBUTION, ETC. | |
| Place of publication, distribution, etc. | MEXICO : |
| Name of publisher, distributor, etc. | MC GRAW HILL, |
| Date of publication, distribution, etc. | 1992 |
| 300 ## - PHYSICAL DESCRIPTION | |
| Extent | 129 |
| Dimensions | 15 x 1 x 23 |
| 650 14 - SUBJECT ADDED ENTRY--TOPICAL TERM | |
| Topical term or geographic name entry element | CREATIVIDAD |
| 700 1# - ADDED ENTRY--PERSONAL NAME | |
| Personal name | SALAMANCA DE SANTAMARIA, CONSUELO |
| Relator term | tr. |
| 740 ## - ADDED ENTRY--UNCONTROLLED RELATED/ANALYTICAL TITLE | |
| Uncontrolled related/analytical title | CRIATIVIDADE Y MARKETING |
| Withdrawn status | Lost status | Source of classification or shelving scheme | Damaged status | Not for loan | Collection code | Home library | Current library | Shelving location | Date acquired | Source of acquisition | Total Checkouts | Full call number | Barcode | Date last seen | Date last checked out | Price effective from | Koha item type |
|---|---|---|---|---|---|---|---|---|---|---|---|---|---|---|---|---|---|
| Dewey Decimal Classification | General | Tehuacán | Tehuacán | Sala general | 03/12/2013 | Compra | 1 | 658.8 DUA | 503989 | 08/01/2025 | 16/10/2018 | 03/12/2013 | Libro |